| 000 | 00523nam a2200193Ia 4500 | ||
|---|---|---|---|
| 001 | 56142 | ||
| 008 | 130211n2009 ii |||gr||||Z||||||465 | ||
| 020 | _a8186494022 | ||
| 082 | _a891.413 | ||
| 245 | 0 |
_aUpanyas aru Asamiya Upanyas _cGobinda Prasad Sarma _hTextual Documents |
|
| 250 | _a2nd ed. | ||
| 260 |
_aGuwahati _bStudent`s Stores _c2009 |
||
| 300 |
_a368pg: _c23m. |
||
| 653 | _aAssamese | ||
| 653 | _aDeptt- Assamese | ||
| 653 | _aAssamese Novel | ||
| 700 |
_aSarma , Gobinda Prasad, _eAuthor. |
||
| 942 |
_2ddc _cBK |
||
| 999 |
_c56066 _d56066 |
||